000 03062nam a22003497a 4500
003 BJBSDDR
005 20260427105053.0
007 ta
008 260414s2023 nyu||||| |||| 00| 0 eng d
020 _a9781668011065
020 _a1668011069
040 _beng
_cDLC
041 _aeng
050 1 4 _aML 3790
_bP288a 2023
100 1 _aPassman, Donald S.,
_d1945-
_933563
245 1 0 _aAll you need to know about the music business /
_cDonald S. Passman
250 _aEleventh edition revised and updated
260 _aNew York :
_bSimon & Schuster,
_c2023
300 _axx, 532 pages :
_billustrations, tables ;
_c24 cm
504 _aIncludes bibliographical references and index.
505 0 _aFirst Steps -- Part I. Your team of advisors. How to pick a team -- Personal managers -- Business managers -- Attorneys -- Agents -- Part II. Record deals. Broad-strokes overview of the record business -- Advances and recoupment -- Real-life numbers -- Other major deal points -- Producer and mixer deals -- Advanced royalty computations -- Advanced record deal points -- Independent production, label, and distribution deals -- Part III. Songwriting and music publishing. Copyright basics -- Publishing companies and major income sources -- Even more publishing income -- Bonus section! -- Double bonus section!! -- Songwriter, co-publishing, and administration deals -- Advanced copyight concepts -- Even more advanced copyright concepts -- Part IV. Group issues. Groups -- What's in a name? -- Part V. Touring. Personal appearances - touring -- Part VI. Merchandising. Tour merchandising -- Retail, direct to consumer (D2C) merchandising, and fan clubs. Part VII. Classical music. Classical music -- Part VIII. Motion picture music. Overview of motion picture music -- Performer deals -- Film songwriter deals -- Composer agreements -- Licensing existing recordings and existing songs for motion pictures -- Music supervisors -- Soundtrack record deals.
520 _a"Dubbed "the industry bible" by the Los Angeles Times, All You Need to Know About the Music Business by veteran music lawyer Donald Passman is the go-to guide for everyone in the music business through ten editions, over thirty years, and over a half a million copies sold. Now with updates explaining why musicians have more power today than ever in history; discussion of the mega-million-dollar sales of artists' songs and record catalogs; how artist access to streaming media, and particularly TikTok, has completely reshaped the music business; the latest on music created by AI; and a full update of the latest numbers and trends.
650 4 _aIndustria discográfica
_928201
_zEstados Unidos
650 4 _aMúsica
_xComercio
_93771
_zEstados Unidos
650 4 _aMúsica
_xAspectos económicos
_934245
650 4 _aDerechos de autor sobre música
_931241
650 4 _aMúsica popular
_xAutores y editores
_934246
650 4 _aIndustria de la música
_915023
_zEstados Unidos
700 1 _aGlass, Randy
_934247
_eillustrator
942 _2lcc
_cBK
946 _icmc
999 _c126803
_d126803